Crecimiento de las luchas campesinas en Guatemala

Gorde:
Xehetasun bibliografikoak
Egile nagusia: Castro Torres, Carlos Felipe
Formatua: Texto
Argitaratua: Guatemala
Etiketak: Etiketa erantsi
Etiketarik gabe, Izan zaitez lehena erregistro honi etiketa jartzen!

MARC

LEADER 00000 a a2200000 04500
001 22985
003
040
090 |a 157800  
100 |a Castro Torres, Carlos Felipe  
245 |a Crecimiento de las luchas campesinas en Guatemala  
260 |a Guatemala  
300 |a 462-477 p.  
999 |c 11248  |d 11248